| 000 | 00875nam a2200205Ia 4500 | ||
|---|---|---|---|
| 003 | GCL | ||
| 008 | 140319s9999 xx 000 0 ara d | ||
| 040 |
_aGCL / _cGCL |
||
| 082 | 0 | 4 |
_a398.22 _bا و |
| 100 | 1 | _aابوالفرج الاصفهانى: على بن الحسين بن محمد بن الهيثم عبدالرحمن بن مروان البغدادى | |
| 245 | 1 | 0 |
_aالوليد بن يزيد : قطوف الاغانى / _cابوالفرج الاصفهانى: على بن الحسين بن محمد بن الهيثم عبدالرحمن بن مروان البغدادى |
| 300 | _a143 ص | ||
| 490 |
_aقطوف الاغانى _v0 |
||
| 650 | 0 | 4 | _aالشياطين والجان |
| 650 | 0 | 4 | _aالادب الشعبى |
| 650 | 0 | 4 | _aخوارق الطبيعة |
| 650 | 0 | 4 | _aالائتمان |
| 650 | 0 | 4 | _aالفولكلور العربى - تاريخ |
| 942 |
_2ddc _cBK |
||
| 999 |
_c39420 _d39420 |
||